| 000 | 00902nam0a22002531 4500 | ||
|---|---|---|---|
| 001 | rc\3823908 | ||
| 005 | 20120410182444.3 | ||
| 021 |
_aRU _b[76-71204] |
||
| 035 | _a(NLR Aleph) 007272126 | ||
| 090 |
_a5420585 _c5420585 |
||
| 100 | _a20120410d1976 |||y0rusy50 ca | ||
| 101 | 0 | _arus | |
| 102 |
_aRU _aRU |
||
| 105 | _ay z ||||| | ||
| 200 | 1 |
_aЦенообразование в отраслях народного хозяйства _eУчеб. пособие _fС.И. Лушин, В.И. Кабанков _gМоск. ин-т нар. хоз-ва им. Г.В. Плеханова |
|
| 210 |
_aМосква _cМИНХ _d1976 |
||
| 215 |
_a227 с. _d21 |
||
| 700 | 1 |
_aЛушин _bС. И. _gСтанислав Иванович |
|
| 701 | 1 |
_aКабанков _bВ. И. _gВиктор Ильич |
|
| 801 | 0 |
_aRU _bNLR _gpsbo |
|
| 801 | 1 |
_aRU _bELAR _2rusmarc |
|
| 852 |
_aNLR _j77-5/841 |
||
| 942 | _cBOOK | ||
| 980 | _aNB | ||